|
|
|
|
| LEADER |
00000nab a2200000 a 4500 |
| 001 |
vtls000785943 |
| 003 |
SK-MaSNL |
| 005 |
20260304013346.0 |
| 008 |
150420c2000 xo 0 slo |
| 015 |
|
|
|a SNBRA2002/11-36773
|
| 035 |
|
|
|a CLN000137602
|
| 040 |
|
|
|a SNKBUCL
|b slo
|c SNKBUCL
|e AACR2
|
| 041 |
0 |
|
|a slo
|
| 044 |
|
|
|a xo
|c SK
|
| 080 |
|
|
|a 026(437.6):63:016:681.3.07
|2 1997
|
| 080 |
|
|
|a 016:63:681.3.07
|2 1997
|
| 080 |
|
|
|a 681.3.07
|2 1997
|
| 100 |
1 |
|
|a Kružlík, Peter
|4 aut
|9 523643
|
| 245 |
1 |
0 |
|a Budovanie slovenských poľnohospodárskych báz dát v Slovenskej poľnohospodárskej knižnici
|c Peter Kružlík
|
| 504 |
|
|
|a Bibliogr. odkazy
|
| 610 |
2 |
7 |
|a Slovenská poľnohospodárska univerzita v Nitre.
|b Slovenská poľnohospodárska knižnica
|2 snkbucl
|9 249389
|
| 650 |
0 |
7 |
|a poľnohospodárstvo
|2 snkbucl
|9 679
|
| 650 |
0 |
7 |
|a bibliografia
|2 snkbucl
|9 24254
|
| 650 |
0 |
7 |
|a bibliografické databázy
|2 snkbucl
|9 68848
|
| 650 |
0 |
7 |
|a elektronické bibliografické databázy
|2 snkbucl
|9 841558
|
| 650 |
0 |
7 |
|a poľnohospodárske knižnice
|2 snkbucl
|9 1294269
|
| 651 |
|
7 |
|a Nitra (Slovensko)
|2 snkbucl
|9 15714
|
| 655 |
|
7 |
|a referáty
|2 snkbucl
|9 70611
|
| 655 |
|
7 |
|a články zo zborníkov
|2 snkbucl
|9 166140
|
| 773 |
0 |
|
|t Bibliografický zborník 1996-1997
|d Martin : Matica slovenská, 2000
|g S. 331-334
|z 8070905093
|
| 850 |
|
|
|a Slovenská národná knižnica v Martine
|
| 852 |
|
|
|a SNK
|b KIS3GCP
|
| 856 |
4 |
1 |
|u http://www.snk.sk/swift_data/source/NBU/Zborniky/BZ_1996_97/Bib_zbor_1996_97_331_334.pdf
|
| 958 |
|
|
|a NB
|
| 999 |
|
|
|c 2575452
|d 2577382
|